000 00684nam a2200229 i 4500
001 C2-0286914
003 PPAK
005 20180728020302.0
008 080130s my a|||| ||||| | may d
020 _a9831041348
040 _aPPAK
_beng
_cPPAK
_erda
082 0 4 _a641.563
_223
090 0 0 _a641.563
_bKET
_dR
245 0 0 _aKetuhar gelombang mikro resipi kanser
264 1 _aPulau Pinang :
_bPersatuan Pengguna Pulau Pinang ,
300 _a36 pages :
_billustrations ;
_c11 cm
336 _2rdacontent
_atext
337 _2rdamedia
_aunmediated
338 _2rdacarrier
_avolume
650 1 0 _aCancer--Cooking ; Cooking for health--Appearance, personal reason
942 _ddc
_cB
999 _c92631
_d92631